El concepto de heurística en las ciencias y las humanidades /

Guardado en:
Bibliografiske detaljer
Hovedforfatter: Velasco Gómez, Ambrosio (coord.)
Format: Bog
Sprog:spansk
Udgivet: México : Siglo XXI : UNAM, Centro de Investigaciones Interdisciplinarias en Ciencias y Humanidades, 2000, c2000
Serier:(Biblioteca Aprender a Aprender)
Fag:
Tags: Tilføj Tag
Ingen Tags, Vær først til at tagge denne postø!

MARC

LEADER 00000nam^a2200000^a^4500
001 000114521
005 20250521000000.0
009 20260310094021.463
020 |a 968-23-2231-6 
037 |a Acervo ITESO - Biblioteca 
041 |a ESP 
082 |a 121.  |b VEL 
100 |a Velasco Gómez, Ambrosio  |e (coord.) 
245 1 3 |a El concepto de heurística en las ciencias y las humanidades /  |c Coord. de A. Velasco Gómez. 
264 4 |a México :  |b Siglo XXI :  |b UNAM, Centro de Investigaciones Interdisciplinarias en Ciencias y Humanidades,  |c 2000, c2000 
300 |a X, 255 p. 
336 |a texto  |b txt  |2 rdacontenido 
337 |a sin mediación  |b n  |2 rdamedio 
338 |a volumen  |b nc  |2 rdasoporte 
440 1 |a (Biblioteca Aprender a Aprender) 
649 |a XX 
650 |a Heurística 
650 |a Razón 
650 |a Razonamiento 
650 |a Racionalismo 
650 |a Epistemología 
910 |a Fondo General 
920 |a Impresos - Libros 
930 |a Colección General 
905 |a 101 
901 |a 0500051470  |b IT1  |c ACC  |u 20250521 
902 |a https://opac.biblio.iteso.mx/vufind/Record/000114521